Countries that don't recognize Kosovo - Statistics

General Stats
  • This quiz has been taken 68 times
  • The average score is 48 of 89
Answer Stats
Hint Answer % Correct
Europe Russia
90%
South America Argentina
83%
Africa Algeria
80%
Europe Belarus
78%
South America Brazil
76%
Asia India
76%
Europe Spain
76%
Recognizes Kosovo but Supports Serbia Niger
73%
Europe (Doesn't recognize but supports on some level) Romania
73%
Europe Serbia
73%
Africa Angola
71%
Asia Azerbaijan
71%
Asia China
71%
Asia Iran
71%
Europe (Doesn't recognize but supports on some level) Ukraine
71%
South America Venezuela
71%
Europe (Doesn't recognize but supports on some level) Greece
68%
Asia Iraq
68%
Europe Slovakia
68%
Asia Kazakhstan
66%
Africa South Africa
66%
North America Mexico
63%
Africa Morocco
63%
Africa Nigeria
63%
Asia North Korea
63%
Asia Vietnam
63%
Asia Armenia
61%
South America Chile
61%
Europe Moldova
61%
Africa Tunisia
61%
South America Bolivia
59%
North America Cuba
59%
Asia Georgia
59%
Africa Ethiopia
56%
Asia Indonesia
56%
Africa Mali
56%
Asia Myanmar
56%
Asia Syria
56%
South America Uruguay
56%
Europe Bosnia and Herzegovina
54%
Africa Democratic Republic of the Congo
54%
Asia Kyrgyzstan
54%
Asia Turkmenistan
54%
Asia Bhutan
51%
Asia Cambodia
51%
North America Guatemala
51%
Asia Laos
51%
Africa South Sudan
51%
Asia Tajikistan
51%
Asia Uzbekistan
51%
Africa Botswana
49%
Asia Cyprus
49%
Asia Mongolia
49%
Asia Nepal
49%
North America Nicaragua
49%
Oceania (Recognition Withdrawn) Papua New Guinea
49%
Africa Zambia
49%
Africa Zimbabwe
49%
Africa (Recognition Withdrawn) Central African Republic
46%
South America Ecuador
46%
Africa Mozambique
46%
Africa (Recognition Withdrawn) Togo
46%
Recognizes Kosovo but Supports Serbia Burkina Faso
44%
Africa Eritrea
44%
Recognizes Kosovo but Supports Serbia Hungary
44%
Asia Lebanon
44%
Oceania (Recognition Withdrawn) Nauru
44%
South America Paraguay
44%
Africa Uganda
44%
Africa (Recognition Withdrawn) Burundi
41%
Africa Cameroon
41%
Africa Congo
41%
Africa Namibia
41%
North America Bahamas
39%
North America (Recognition Withdrawn) Dominica
39%
Africa (Recognition Withdrawn) Madagascar
39%
Asia Philippines
39%
Africa Rwanda
39%
Asia Sri Lanka
39%
Africa Cape Verde
37%
North America Jamaica
37%
Africa Mauritius
37%
North America Trinidad and Tobago
37%
Europe Vatican City
37%
Africa Equatorial Guinea
32%
Africa São Tomé and Principe
32%
Oceania (Recognition Withdrawn) Solomon Islands
32%
North America Saint Vincent and the Grenadines
29%
Africa Seychelles
29%
No matching quizzes found
Score Distribution
Percent of People with Each Score
Percentile by Number Answered
Your Score History
You have not taken this quiz